The Vessels of the Potter shall be broken: The Material Culture from a Burial Cave at St. Étienne's Monastery, Jerusalem (Record no. 531813)

000 -CABECERA
Campo de control de longitud fija 00642nab a2200169Ia 4500
003 - IDENTIFICADOR DEL NÚMERO DE CONTROL
Campo de control ES-SlBCS
005 - FECHA Y HORA DE LA ÚLTIMA TRANSACCIÓN
Campo de control 20210601125530.0
008 - CÓDIGOS DE INFORMACIÓN DE LONGITUD FIJA
Campo de control de longitud fija 140529s2000 xxu||||| |||| 00| 0 eng d
041 ## - CÓDIGO DE LENGUA
Código de lengua del texto/banda sonora o título independiente eng
100 1# - PUNTO DE ACCESO PRINCIPAL-NOMBRE DE PERSONA
Nombre de persona Coblentz Bautch, Kelley
9 (RLIN) 160019
245 04 - MENCIÓN DE TÍTULO
Título The Vessels of the Potter shall be broken: The Material Culture from a Burial Cave at St. Étienne's Monastery, Jerusalem
Mención de responsabilidad, etc. Kelley Coblentz Bautch, Richard Bautch, Gabriel Barkay
651 #4 - PUNTO DE ACCESO ADICIONAL DE MATERIA-NOMBRE GEOGRÁFICO
Nombre geográfico Jerusalén
9 (RLIN) 92390
700 1# - PUNTO DE ACCESO ADICIONAL-NOMBRE DE PERSONA
Nombre de persona Barkay, Gabriel
9 (RLIN) 160020
700 1# - PUNTO DE ACCESO ADICIONAL-NOMBRE DE PERSONA
Nombre de persona Bautch, Richard
9 (RLIN) 160021
773 0# - ENLACE AL DOCUMENTO FUENTE
Título Revue Biblique Internacionale
Parte(s) relacionada(s) vol. 107, 2000, págs. 561-590
Número de control del registro relacionado Rev879
942 ## - ENTRADA DE ELEMENTOS AGREGADOS (KOHA)
Koha [por defecto] tipo de item Artículos de revista
Holdings
Suprimido Perdido Estropeado No para préstamo Localización permanente Localización actual Localización en estantería Fecha adquisición Préstamos totales Fecha última consulta Fecha del precio de reemplazo Tipo de item de Koha
        San Esteban San Esteban Depósito de revistas 11/07/2014   11/07/2014 11/07/2014 Artículos de revista

Bibliotecas Dominicos Provincia Hispania, 2016

Con tecnología Koha